Normal view
MARC view
- Muhammad Athar Ali
Entry Personal Name
001 - CONTROL NUMBER
- control field: 25669
003 - CONTROL NUMBER IDENTIFIER
- control field: NUST
005 - DATE AND TIME OF LATEST TRANSACTION
- control field: 20191115121844.0
008 - FIXED-LENGTH DATA ELEMENTS
- fixed length control field: 191115|| aca||aabn | a|a d
040 ## - CATALOGING SOURCE
- Original cataloging agency: NUST
- Transcribing agency: NUST
100 ## - HEADING--PERSONAL NAME
- Personal name: Muhammad Athar Ali
670 ## - SOURCE DATA FOUND
- Source citation: Work cat.: (NUST): Muhammad Athar Ali, Aurangzeb kay Ihad mein Mughal Umrah, c1985
